Luật quốc tịch Việt Nam

Salvato in:
Dettagli Bibliografici
Natura: Libro
Lingua:Undetermined
Pubblicazione: Hà Nội Chính Trị Quốc Gia 1999
Soggetti:
Tags: Aggiungi Tag
Nessun Tag, puoi essere il primo ad aggiungerne! !
Thư viện lưu trữ: Trung tâm Học liệu Trường Đại học Cần Thơ
LEADER 00484nam a2200169Ia 4500
001 CTU_38370
008 210402s9999 xx 000 0 und d
020 |b 2800 
082 |a 342.085 
082 |b L504 
245 0 |a Luật quốc tịch Việt Nam 
260 |a Hà Nội 
260 |b Chính Trị Quốc Gia 
260 |c 1999 
650 |a civil law ( vietnamese law ),civil rights 
904 |i Minh, 001013 
980 |a Trung tâm Học liệu Trường Đại học Cần Thơ